000
00216 a2200097 4500
001
13966
100
_a
Shakespeare W
245
_a
Works of william shakespear
260
_a
London
_b
Methuen
_c
090
_c
10929
_d
10929
942
_a
NUST-CAE
_c
M
_c
1035
999
_c
249039
_d
249039